000 01471cam a2200349 i 4500
001 354
003 Mx-PuUPA
005 20260528094122.0
008 140415s2021 ag a gr 000 0 spa d
020 _a9789500696487
020 _a9789500696470
_qLibro + versión digital
040 _aMx-PuUPA
_bspa
_cMx-PuUPA
_dMx-PuUPA
_erda
041 0 _aspa
245 0 0 _aSoporte nutricional y metabolismo en cuidados críticos :
_bfundamentos y guía práctica /
_cdirector del comité editorial, Andrés L. N. Martinuzzi
250 _a1a. edición
264 1 _aBuenos Aires, Argentina :
_bEditorial Médica Panamericana,
_c©2021
300 _axviii, 286 páginas :
_bilustraciones, tablas, diagramas ;
_c25 cm
336 _2rdacontent
_atexto
_btxt
337 _2rdamedia
_asin medio
_bn
338 _2rdacarrier
_avolumen
_bnc
500 _aReimpresiones: (1a., mayo de 2023)
650 7 _2armarc
_aCuidados intensivos
650 7 _2armarc
_aMedicina crítica
650 7 _2armarc
_aMedicina de urgencias
650 7 _2armarc
_aNutrición
700 1 _aMartinuzzi, Andrés L. N.,
_edirector
_918124
942 _2ddc
_cLI
_h613.26
_iS72
999 _c354
_d354